000
00266nam a22001217a 4500
008
181106b xxu||||| |||| 00| 0 eng d
041
_a
eng
080
_a
510
100
_a
37
101
_a
MAT
245
_a
Pre Calculus Mathematics
_c
Brumfiel.SH
942
_2
udc
_c
BK
999
_c
51990
_d
51990